Moving forward (Record no. 71789)

MARC details
000 -LEADER
fixed length control field 01075cam a2200265 4500
001 - CONTROL NUMBER
control field ABS66266
008 - FIXED-LENGTH DATA ELEMENTS--GENERAL INFORMATION
fixed length control field 021217n2002 000 0 eng u
035 ## - SYSTEM CONTROL NUMBER
System control number (Sirsi) u120809
100 ## - MAIN ENTRY--PERSONAL NAME
Personal name Holmes, C
245 ## - TITLE STATEMENT
Title Moving forward
260 ## - PUBLICATION, DISTRIBUTION, ETC.
Date of publication, distribution, etc. 2002
490 ## - SERIES STATEMENT
Series statement Solicitors' Journal
Volume/sequential designation 146(42) 8 November 2002, 1012-1013(2)
520 ## - SUMMARY, ETC.
Summary, etc. Reviews proposals for modernising the Landlord and Tenant Act 1954, and streamlining the procedures. The changes are due to come into force in August 2003. The clauses which are due to be changed include contracting-out, surrenders, renewal procedure, interim rent, length of lease, termination, notices, and ownership and control of landlord's and tenant's business. Warns further changes may still be proposed.
590 ## - LOCAL NOTE (RLIN)
Local note ABS
650 ## - SUBJECT ADDED ENTRY--TOPICAL TERM
Topical term or geographic name entry element LANDLORD AND TENANT ACT 1954
650 ## - SUBJECT ADDED ENTRY--TOPICAL TERM
Topical term or geographic name entry element CONTRACTING-OUT
650 ## - SUBJECT ADDED ENTRY--TOPICAL TERM
Topical term or geographic name entry element SURRENDERS
650 ## - SUBJECT ADDED ENTRY--TOPICAL TERM
Topical term or geographic name entry element RENEWAL
650 ## - SUBJECT ADDED ENTRY--TOPICAL TERM
Topical term or geographic name entry element INTERIM RENT
650 ## - SUBJECT ADDED ENTRY--TOPICAL TERM
Topical term or geographic name entry element TERMINATION
650 ## - SUBJECT ADDED ENTRY--TOPICAL TERM
Topical term or geographic name entry element NOTICES
690 ## - LOCAL SUBJECT ADDED ENTRY--TOPICAL TERM (OCLC, RLIN)
Topical term or geographic name as entry element LANDLORD AND TENANT-BUSINESS TENANCIES
700 ## - ADDED ENTRY--PERSONAL NAME
Personal name Slessenger, E
942 ## - ADDED ENTRY ELEMENTS (KOHA)
Suppress in OPAC 0
Holdings
Withdrawn status Lost status Source of classification or shelving scheme Damaged status Not for loan Home library Current library Shelving location Date acquired Total Checkouts Full call number Barcode Date last seen Copy number Price effective from Koha item type
    Dewey Decimal Classification     London London Journal article 17/12/2002   ABS66266 120809-1001 06/08/2019 1 06/08/2019 Journal article